000
00302nam a22001217a 4500
020
_a
978-0-7506-6496-7
082
_a
004.2
100
_a
Lano, Kelvin
245
_a
Advanced Systems Design with JAVA, UML and MDA
260
_a
London:
_b
Elsevier,
_c
2005
300
_a
vii, 378p.: ill.; 25cm
942
_c
BK
999
_c
22223
_d
22223